Multinational enterprises : an encyclopedia dictionary of concepts and terms

Bibliographic Details
Main Authors: Hoogvelt, Ankie M. M. (Author), Puxty, Anthony G. (Author)
Format: Book
Published: London : Macmillan , 1987
Subjects:

MARC

LEADER 00000cam a2200000 7i4500
001 0000007996
005 20170724093000.0
008 021119n
020 |a 033337603X 
090 0 0 |a HD2755.5   |b .H66 
100 0 |a Hoogvelt, Ankie M. M. ,   |e author 
245 0 0 |a Multinational enterprises :   |b an encyclopedia dictionary of concepts and terms   |c Ankie Hoogvelt with Anthony G. Puxty 
260 2 |a London :   |b Macmillan ,   |c 1987 
300 |a 261 p. ;   |c 24 cm. 
501 |a Includes index 
650 0 |a International business enterprises   |v Dictionaries 
700 0 |a Puxty, Anthony G. ,   |e author 
999 |a 1000042164   |b Book   |c Reference   |e Gong Badak Campus